000 00441nam a2200157 i 4500
001 27029
003 ES-MaACL
005 20230906153539.0
007 t|
008 030113s1973 sp ||||1| spa d
100 1 _aAuvert Eason, Elisabeth.
_923982
245 1 0 _aNuestro seƱor Yaladkiris /
_cElisabeth Auvert Eason.
260 _a[Valencia :
_bs.n.,
_c1973] (
_fSoler)
300 _a155 p. ;
_c22 cm.
852 _aES-MaACL
_jC-54762
_bR.87515
999 _c27029
_d27029